000
00221nam a2200097Ia 4500
008
190216s9999||||xx |||||||||||||| ||und||
100
_a
Thomas Hardy
245
0
_a
Far From The Madding Crowed
260
_b
Null
942
_c
BK
999
_c
11648
_d
11648